000 00625nam a2200229Ia 4500
003 OSt
005 20220918183436.0
006 a|||||r|||| 00| 0
007 ta
008 220917b |||||||| |||| 00| 0 eng d
024 _a38,145
037 _cTextual
040 _aARTS
_cARTS
_beng
041 _2eng
_aeng
082 _aO113:1M75w, 111J1
100 _aVan H F W
_962844
245 0 _aRainer Maria Rilke his life and work tr by Fernand G Renier and Anne Cliff
260 _c1951
650 _aENGLISH LITERATURE
942 _hO113:1M75w, 111J1
_cTEXL
_2CC
999 _c172699
_d172699